Threat assessment and risk analysis : (Record no. 22936)
[ view plain ]
| 000 -LEADER | |
|---|---|
| fixed length control field | 01349cam a22003255a 4500 |
| 001 - CONTROL NUMBER | |
| control field | 11654542 |
| 005 - DATE AND TIME OF LATEST TRANSACTION | |
| control field | 20201128023949.0 |
| 008 - FIXED-LENGTH DATA ELEMENTS--GENERAL INFORMATION | |
| fixed length control field | 151113t2016 enka frb 001 0 eng d |
| 020 ## - INTERNATIONAL STANDARD BOOK NUMBER | |
| International Standard Book Number | 9780128022245 |
| 020 ## - INTERNATIONAL STANDARD BOOK NUMBER | |
| International Standard Book Number | 9780128024935 (e-book) |
| 040 ## - CATALOGING SOURCE | |
| Original cataloging agency | MiAaPQ |
| Language of cataloging | eng |
| Description conventions | pn |
| Transcribing agency | MiAaPQ |
| Modifying agency | MiAaPQ |
| -- | WaSeSS |
| -- | EG-ScBUE |
| 082 04 - DEWEY DECIMAL CLASSIFICATION NUMBER | |
| Classification number | 658.155 |
| Edition number | 22 |
| Item number | ALL |
| 100 1# - MAIN ENTRY--PERSONAL NAME | |
| Personal name | Allen, Gregory. |
| 245 10 - TITLE STATEMENT | |
| Title | Threat assessment and risk analysis : |
| Remainder of title | an applied approach / |
| Statement of responsibility, etc | Gregory Allen and Rachel Derr. |
| 260 ## - PUBLICATION, DISTRIBUTION, ETC. (IMPRINT) | |
| Place of publication, distribution, etc | Oxford ; |
| -- | Waltham : |
| Name of publisher, distributor, etc | Butterworth-Heinemann / Elsevier, |
| Date of publication, distribution, etc | c.2016. |
| 300 ## - PHYSICAL DESCRIPTION | |
| Extent | vii, 147 p. : |
| Other physical details | ill. ; |
| Dimensions | 28 cm. |
| 500 ## - GENERAL NOTE | |
| General note | Index : p. 143-147. |
| 504 ## - BIBLIOGRAPHY, ETC. NOTE | |
| Bibliography, etc | Bibliography : p. 141-142. |
| 650 #7 - SUBJECT ADDED ENTRY--TOPICAL TERM | |
| Topical term or geographic name as entry element | Risk management. |
| Source of heading or term | BUEsh |
| 9 (RLIN) | 12222 |
| 650 #7 - SUBJECT ADDED ENTRY--TOPICAL TERM | |
| Topical term or geographic name as entry element | Threats |
| General subdivision | Prevention. |
| Source of heading or term | BUEsh |
| 650 #7 - SUBJECT ADDED ENTRY--TOPICAL TERM | |
| Topical term or geographic name as entry element | Violence in the workplace |
| General subdivision | Prevention. |
| Source of heading or term | BUEsh |
| 650 #7 - SUBJECT ADDED ENTRY--TOPICAL TERM | |
| Topical term or geographic name as entry element | Corporations |
| General subdivision | Security measures. |
| Source of heading or term | BUEsh |
| 650 #7 - SUBJECT ADDED ENTRY--TOPICAL TERM | |
| Topical term or geographic name as entry element | Behavioral assessment. |
| Source of heading or term | BUEsh |
| 9 (RLIN) | 921 |
| 651 ## - SUBJECT ADDED ENTRY--GEOGRAPHIC NAME | |
| Source of heading or term | BUEsh |
| 653 ## - INDEX TERM--UNCONTROLLED | |
| Resource For college | Informatics and Computer Science |
| Arrived date list | October2016 |
| 700 1# - ADDED ENTRY--PERSONAL NAME | |
| Personal name | Derr, Rachel. |
| 773 #0 - HOST ITEM ENTRY | |
| Title | eBook - Forensics, Security, and Criminal Justice 2015 [EBCFOR15] |
| 776 08 - ADDITIONAL PHYSICAL FORM ENTRY | |
| Display text | Print version: |
| Main entry heading | Allen, Gregory. |
| Title | Threat assessment and risk analysis : an applied approach. |
| Place, publisher, and date of publication | Oxford, England ; Waltham, Massachusetts : Butterworth Heinemann, c2016 |
| Physical description | vii, 147 pages |
| International Standard Book Number | 9780128022245 |
| Record control number | 2015941244 |
| 942 ## - ADDED ENTRY ELEMENTS (KOHA) | |
| Source of classification or shelving scheme | Dewey Decimal Classification |
| Withdrawn status | Item status | Source of classification or shelving scheme | Damaged status | Not for loan | Vendor | Home library | Current library | Shelving location | Date acquired | Source of acquisition | Cost, normal purchase price | Serial Enumeration / chronology | Total Checkouts | Full call number | Barcode | Date last seen | Cost, replacement price | Koha item type |
|---|---|---|---|---|---|---|---|---|---|---|---|---|---|---|---|---|---|---|
| Dewey Decimal Classification | Baccah | Central Library | Central Library | First floor | 31/10/2016 | Purchase | 570.00 | 25137 | 658.155 ALL | 000034424 | 15/07/2025 | 712.50 | Book - Borrowing |